00442cam a2200157ua 45000010005000000080039000050400009000440820010000532450061000632500023001242600039001473000012001866530015001986530047002137000024002606907140307n ii |||gr||||Z||||||asm cMAIN a657.2 aUchhatar madhyamik prathamik hichap bigyancBy Hem Barua a2nd ed. / bVol I. aGuwahati:bJyoti prakashan,c1993. ax,214p. aAccounting aUchhatar madhyamik prathamik hichap bigyan aBarua,Hem,eAuthor.